000 00686nam a22002297a 4500
003 UA-OsUOA
001 82213
007 ta
008 20120224b un ||||| |||| 00| 0 ukr d
100 _aШкарлет С.
700 _aМикитенко В.
090 _a330(477)
_bШ66
942 _cSA
040 _aUA-OsUOA
_bukr
_cUA-OsUOA
_dUA-OsUOA
245 _aФормування стратегії сталого розвитку економіки України бінарного типу
300 _aС.4-8
955 _a0
041 _aukr
080 _a330(477)
773 0 _w82212
_tЕкономіст
_dК.
_d2012
_g1
650 7 _a330 Економіка взагалі
_2UDC
999 _c368516
_d368516